000 00437nam a2200205Ia 4500
001 14310
003 GE_BSU
008 181216s||||||||xx |||||||||||||| ||und||
020 _a9780751537628
040 _cGE_BSU
080 _a821.111-31
100 _aColgan,Jenny
245 _aOperation Sunshine
260 _aLondon
260 _bSphere
260 _c2007
300 _a309p.18cm.
653 _aOperation Sunshine
942 _cBK
999 _c47448
_d47448